|
|
|
|
| LEADER |
00000cam a2200000 a 4500 |
| 001 |
vtls001078548 |
| 003 |
SK-MaSNL |
| 005 |
20260425221813.0 |
| 008 |
240226s1994 xo oab frn 000 0 slo |
| 015 |
|
|
|a SNBA1995/05
|
| 020 |
|
|
|a 8096728008
|q (brožované)
|
| 035 |
|
|
|a SNK000021383
|
| 040 |
|
|
|a SNK
|b slo
|c SNK
|e AACR2
|
| 041 |
0 |
|
|a slo
|b eng
|
| 043 |
|
|
|a e-xo---
|
| 044 |
|
|
|a xo
|c SK
|
| 072 |
|
7 |
|a 39
|x Etnológia. Etnografia. Folklór
|2 konspekt
|
| 072 |
|
7 |
|a 683
|x Železiarstvo. Zámočníctvo. Ohrievacie zariadenia
|2 konspekt
|
| 080 |
|
|
|a 683.33:739.4.031.4
|2 1997
|
| 080 |
|
|
|a 739.4.031.4
|2 1997
|
| 080 |
|
|
|a (437.6)
|2 2011
|
| 080 |
|
|
|a 683.3
|2 2011
|
| 080 |
|
|
|a (048.8)
|2 2011
|
| 080 |
|
|
|a 39
|2 2011
|
| 080 |
|
|
|a 739.4
|2 2011
|
| 080 |
|
|
|a 67/68
|2 2011
|
| 080 |
|
|
|a 683.33.078
|2 2011
|
| 080 |
|
|
|a 683.33
|2 2011
|
| 100 |
1 |
|
|a Kaľavský, Michal
|4 aut
|9 278228
|
| 245 |
1 |
0 |
|a Zámky a kľúče
|b čierne remeslo na Slovensku v kontexte európskeho vývoja
|c Michal Kaľavský ; [fotografie: Oľga Šilingerová]
|
| 250 |
|
|
|a 1. vyd.
|
| 260 |
|
|
|a Bratislava
|b Ústav etnológie SAV
|c 1994
|e Bratislava
|f Jurovský+Mundok
|
| 300 |
|
|
|a 142 strán
|b fotografie, ilustrácie, mapy
|c 21 cm
|
| 366 |
|
|
|e 100 výtl.
|
| 500 |
|
|
|a Poznámky. Vydané v spolupráci s Nadáciou pre tradičnú ľudovú kultúru na Slovensku
|
| 504 |
|
|
|a Bibliografia na strane 140-142
|
| 546 |
|
|
|a Anglické resumé
|
| 650 |
0 |
7 |
|a zámočníctvo
|2 SNKPH
|9 3074
|
| 650 |
0 |
7 |
|a kľúče (zámočníctvo)
|2 SNKPH
|9 156015
|
| 650 |
0 |
7 |
|a materiálna kultúra
|2 SNKPH
|9 2979
|
| 650 |
0 |
7 |
|a umelecké zámočníctvo
|2 SNKPH
|9 3073
|
| 650 |
0 |
7 |
|a remeslá
|2 SNKPH
|9 4998
|
| 650 |
0 |
7 |
|a zámky (zámočníctvo)
|2 SNKPH
|9 74899
|
| 651 |
|
7 |
|a Slovensko
|2 SNKPHgeo
|9 14231
|
| 655 |
|
7 |
|a monografie
|2 SNKPH
|9 70139
|
| 700 |
1 |
|
|a Šilingerová, Oľga
|4 pht
|9 8225
|
| 710 |
2 |
|
|a Nadácia pre tradičnú ľudovú kultúru na Slovensku
|4 pbl
|9 278229
|
| 919 |
|
|
|a 80-967280-0-8
|
| 954 |
|
|
|a odborná, vedecká literatúra pôvodná (slovenská)
|2 lita
|
| 958 |
|
|
|a EUIPO
|
| 958 |
|
|
|a TL
|
| 958 |
|
|
|a NB
|
| 958 |
|
|
|a SS
|
| 958 |
|
|
|a OND
|
| 999 |
|
|
|c 533488
|d 535418
|
| 952 |
|
|
|a SNK
|b SNK
|y VYP
|7 0
|p 17A0079531
|o snkSC 88053 D1
|0 0
|1 0
|4 0
|d 1997-07-09
|l 0
|r 2004-12-31 00:00:00
|w 2026-02-23
|
| 952 |
|
|
|a SNK
|b SNK
|y PREZ
|7 0
|p 17A1013082
|o snkSC 88053
|i snkKSP 3836/95
|0 0
|1 0
|4 0
|d 2013-05-30
|f 1
|l 0
|r 2026-02-23 12:15:23
|w 2026-02-23
|